{"text_format":"1","workbook":"xlsx","n_sheets":1,"sheets":["Price Bid Sheet- WC"],"not_rendered":{"charts":0,"images":1,"macros":1,"external_links":0,"defined_names":0,"comments":0,"pivot_tables":0},"unopened":[],"bounds":{"document_bytes":16777216,"sheet_cells":100000,"rows_first":2000,"rows_last":500,"rows_between":2000,"halvings":0,"cell_chars":16384,"cell_head_chars":4096},"cells_cut":0,"cells_raw":0,"read":"whole","date_system":"1900"}

{"sheet":"Price Bid Sheet- WC","index":0,"n_rows":24,"n_cols":7,"rows_kept":24,"cut":false,"hidden":false,"merged":[[21,0,21,4],[23,0,23,6],[20,3,20,6],[15,0,15,5],[16,0,16,4],[17,0,17,4],[18,0,18,4],[19,0,19,4],[0,0,0,5],[1,0,1,5],[2,0,2,5],[4,0,4,6],[5,0,5,6]]}
["     BHARAT HEAVY ELECTRICAL LIMITED , JHANSI              "]
["TOWNSHIP  CIVIL  DEPARTMENT "]
["  Price Bid ( One page)",null,null,null,null,null,"JS-146"]
[null,null,null,null,null,null,"Annexure - I (i)"]
["Name of Work:-  Development of road side berms in Township."]
["For Tender Enquiry No: TCX / TW / 21 / 09"]
["S.NO","DSR 2016  Ref"," Description","Unit","Quantity","Analysed Rate of  DSR 2016 ","Amount (Rs.)"]
[1,"2.1.1","Earth work in surface excavation not exceeding 30 cm in depth but exceeding 1.5 m in width as well as 10 sqm on land including getting out and disposal of excavated earth upto 50 m and lift upto 1.5 m, as directed by Engineer-in-Charge: All kinds of soil","Sqm",50,53,{"$f":"E8*F8","v":2650}]
[2,"2.28.1","Surface dressing of the ground including removing vegetation and in -equalities not exceeding 15 cm deep and disposal of rubbish lead unto 50 m and lift upto 1.5 m for all kinds of soil.   ","100sqm",1220,13.95,17019]
[3,"4.1.3","P and L in position Cement concrete -1:2:4 (1 Cement: 4 coarse sand:  4 graded stone aggregate 20mm nominal size) excluding the cost of entering and shuttering all work up to plinth level.","cum",10,3235.58,32355.8]
[4,"4.1.8","P and L in position Cement concrete -1:4:8 (1 Cement: 4 coarse sand: 8 graded stone aggregate 40mm nominal size) excluding the cost of entering and shuttering all work upto plinth level.","cum",5,3241.05,16205.25]
[5,"11.3.1","Cement concrete flooring 1:2;4 ( 1 cement : 2 coarse sand : 4 graded stone aggregate ) finished with a floating coat of neat cement including cement slurry but excluding the cost of nosing of steps etc complete . 40 mm thick 20 mm nominal size stone aggre","sqm",20,244.5,4890]
[6,"16.3.9","Supplying and stacking at site.Good earth","Cum",35,332.55,11639.25]
[7,16.68,"Providing and laying 60mm thick factory made cement concrete interlocking paver block of M -30 grade made by block making machine with strong vibratory compaction and of approved size and design/ shape laid in required colour and pattern over and includin","sqm",910,549.38,499935.8]
[8,"DSR 2016","All items of DSR 2016 but not covered above.","Basic Value",1,15000,15000]
["Sub Total A",null,null,null,null,null,{"$f":"SUM(G8:G15)","v":599695.1}]
["Section weightage percentage",null,null,null,null,null,1]
["Quoted section amount Sec A ( derived from the Quoted Total Price Bid Value )",null,null,null,null,null,{"$f":"G20","v":0}]
["Sectional multiplying factor",null,"Total\"A=A1 x \"",null,null,null,{"$f":"G20/G16","v":0}]
["Total Amount To be quoted by contractor ( in figure )"]
[null,null,"In Words",{"$f":"RUP(G20)","v":0}]
["GST extra as applicable"]
[]
["Note -Contractor should quote the prices in cell no. G 20 of excel sheet and then take print out to submit the price bid"]